Korean arts & lifestyle 3 : The life of Koreans
Fine arts painting, handicrafts, architecture, thought and religion, performing arts, traditional lifestyles...
Gespeichert in:
| Format: | Buch |
|---|---|
| Sprache: | Undetermined |
| Veröffentlicht: |
Seoul
Korea Foundation
2006
|
| Schlagworte: | |
| Tags: |
Tag hinzufügen
Keine Tags, Fügen Sie den ersten Tag hinzu!
|
| Thư viện lưu trữ: | Trung tâm Học liệu Trường Đại học Cần Thơ |
|---|
| LEADER | 00655nam a2200205Ia 4500 | ||
|---|---|---|---|
| 001 | CTU_226498 | ||
| 008 | 210402s9999 xx 000 0 und d | ||
| 082 | |a 709.5195 | ||
| 082 | |b K84 | ||
| 245 | 0 | |a Korean arts & lifestyle 3 : | |
| 245 | 4 | |b The life of Koreans | |
| 260 | |a Seoul | ||
| 260 | |b Korea Foundation | ||
| 260 | |c 2006 | ||
| 520 | |a Fine arts painting, handicrafts, architecture, thought and religion, performing arts, traditional lifestyles... | ||
| 650 | |a Art, Korean,Nghệ thuật Hàn Quốc | ||
| 650 | |x History | ||
| 650 | |y Lịch sử | ||
| 910 | |b nthai | ||
| 980 | |a Trung tâm Học liệu Trường Đại học Cần Thơ | ||